00977ntm a22002417a 450000500170000000800410001704000280005808200170008610000420010324501180014526000100026330000360027350001770030959000100048665000390049665300230053565500090055870000330056777700090060094200080060999900170061795201010063420170813141005.0170802s2010 xx a frb 000 0 eng d aEG-ScBUEbengcEG-ScBUE04222a624bTOR1 aTorky, Ahmed Alaaeldean Abdelhaleam.10aFurther boundary element analysis and design of post-tensioned flat slabs /cAhmed Alaaeldean Abdelhaleam Torky . c2010. a102 p. :bill. (col.) ;c28 cm. aA dissertation submitted to Faculty of engineering, the British University in Egypt, in partial fuifillment of the requirements for the bachelor degree in civil engineering amanar 72BUEshvProjectsaCivil Engineering bENGCIVcAugust2017 vSPRO1 ethsaRashed, Youssef.934670 ASPRO 2ddc c25186d25158 00102ddc4070aMAINbMAINc2NDd2017-08-07l0o624 TORp000046313r2025-07-15 00:00:00yPROJST